Geography Quiz

Random Geography or World Quiz

Kidnapping Countries Quiz Stats

 Plays Quiz not verified by Sporcle

Challenge
Share
Tweet
Embed
Score 0/20 Timer 04:00
0 Plays Today
Ranking Country % Correct
1Mexico
88.9%
9Colombia
85.5%
16=Brazil
83.4%
10Iraq
81.3%
5Venezuela
80%
2India
77%
4Pakistan
77%
8Afghanistan
75.7%
19=South Africa
69.8%
3Nigeria
68.9%
Ranking Country % Correct
15Egypt
65.1%
12Guatemala
64.3%
11Syria
61.7%
13Yemen
58.3%
14Libya
53.6%
16=Kenya
49.8%
6Lebanon
49.4%
7Philippines
40.4%
18Nepal
39.1%
19=Malaysia
36.6%

You're not logged in!

Compare scores with friends on all Sporcle quizzes.
OR
Log In

You Might Also Like...

Show Comments

Extras

Top Quizzes Today


Score Distribution

Your Account Isn't Verified!

In order to create a playlist on Sporcle, you need to verify the email address you used during registration. Go to your Sporcle Settings to finish the process.

Report this User

Report this user for behavior that violates our Community Guidelines.

Details: